[Event "S60169 Server NA Class D Ch"]
[Site "CCLA"]
[Date "2016.05.12"]
[Round "?"]
[White "Cangelosi, Dominic"]
[Black "Williams, Rufus H."]
[Result "1-0"]
[WhiteElo "1419"]
[BlackElo "1326"]

1. d4 d5 2. e3 Nf6 3. Bd3 Bg4 4. f3 Bh5 5. Nh3 e6 6. Nf4 Bg6 7. Nxg6 hxg6 
8. Nd2 Bd6 9. e4 dxe4 10. fxe4 Rxh2 11. Rxh2 Bxh2 12. Nf1 Bd6 13. e5 Bxe5 
14. dxe5 Nd5 15. Be4 c6 16. Qf3 Qh4+ 17. g3 Qe7 18. Bd2 Nd7 19. O-O-O Nxe5
20. Qh1 Kd7 21. Bf4 f6 22. Bxe5 fxe5 23. c4 Kc7 24. cxd5 Rd8 25. dxc6 Qg5+
26. Rd2 bxc6 27. Bxc6 Rxd2 28. Nxd2 Qxg3 29. Bb7 Kd7 30. Qc6+ Ke7 31. Qc5+
Kf7 32. Qxa7 Qf4 33. Bd5+ Kf6 34. Qb6 Kg5 35. Qxe6 Kh6 36. Be4 Qf6 37. 
Qh3+ 1-0

[Event "S60159 Server NA Class C Ch"]
[Site "CCLA"]
[Date "2016.05.12"]
[Round "?"]
[White "McLaughlin, Ed"]
[Black "Gunning, Edward E."]
[Result "1-0"]
[WhiteElo "1537"]
[BlackElo "1469"]

1. d4 d5 2. e3 Nf6 3. Bd3 Nc6 4. f4 e6 5. Nd2 Bb4 6. c3 Be7 7. Ngf3 e5 8. 
fxe5 Ng4 9. Qe2 O-O 10. e4 Be6 11. Nf1 f6 12. exf6 Nxf6 13. e5 Nh5 14. Ng3
Nf4 15. Bxf4 Rxf4 16. O-O-O Bg5 17. Kb1 a6 18. Rdf1 Qe7 19. Nxg5 Bg4 20. 
Bxh7+ Kh8 21. Qd3 Qxg5 22. Rxf4 Qxf4 23. Rf1 Qh6 24. Bf5 Bh5 25. Nxh5 Qxh5
26. Rf3 Qe8 27. Bg6 Nxe5 28. dxe5 Qxe5 29. Rf5 Qe1+ 30. Kc2 Qe4 31. Rh5+ 
1-0

[Event "S67079 Gustafson Memorial Open"]
[Site "CCLA"]
[Date "2016.11.20"]
[Round "?"]
[White "Capuzzi, Gabriele"]
[Black "Walsh, Patrick"]
[Result "0-1"]
[WhiteElo "1629"]
[BlackElo "1631"]

1. d4 Nf6 2. Bg5 d5 3. Bxf6 exf6 4. e3 Bd6 5. c4 dxc4 6. Bxc4 O-O 7. Ne2 
Nc6 8. a3 Na5 9. Bd3 f5 10. Nd2 Nc6 11. Qc2 g6 12. Rc1 f4 13. O-O fxe3 14.
 fxe3 Re8 15. e4 Bf8 16. Nf3 Bh6 17. Rcd1 Rf8 18. Kh1 Bg7 19. e5 Ne7 20. 
Bc4 c6 21. Ng5 Nd5 22. Ne4 Ne3 23. Qb3 Nxd1 24. Bxf7+ Kh8 25. Rxd1 Bg4 26.
 N4g3 Qe7 27. Bc4 Rad8 28. h3 Bxe2 29. Bxe2 Qh4 30. Bg4 h5 31. Be2 Rxd4 
32. Rxd4 Qxd4 0-1

[Event "S67079 Gustafson Memorial Open"]
[Site "CCLA"]
[Date "2016.11.20"]
[Round "?"]
[White "Capuzzi, Gabriele"]
[Black "Strelecky, Rich"]
[Result "0-1"]
[WhiteElo "1629"]
[BlackElo "1652"]

1. d4 Nf6 2. Bg5 d5 3. Bxf6 exf6 4. e3 Bd6 5. c4 dxc4 6. Bxc4 O-O 7. Ne2 
Bg4 8. O-O Re8 9. Nbc3 c6 10. Qb3 Qc7 11. Ng3 Be6 12. e4 Nd7 13. d5 cxd5 
14. Nxd5 Bxd5 15. Bxd5 Nc5 16. Qc4 Ne6 17. Rac1 Qxc4 18. Rxc4 Rab8 19. 
Rfc1 Nf4 20. R4c3 Bb4 21. Rc7 Nxd5 22. exd5 Bd6 23. R7c2 g6 24. Nf1 f5 25.
 Ne3 Kg7 26. h3 a6 27. Kf1 Kf6 28. g3 Bxg3 29. Nxf5 Bf4 30. Ne3 Bxe3 31. 
fxe3 Rxe3 32. Rf2+ Kg7 33. Rc7 Rf8 34. Rxb7 Rxh3 35. Ra7 Rd3 36. Rd7 Rd4 
37. Rd6 f5 38. Rxa6 Rxd5 39. b4 f4 40. a4 f3 41. Kg1 Rg5+ 42. Kh2 h5 43. 
b5 Rf4 44. Kh3 h4 45. a5 Rxb5 0-1

[Event "S60061 Winter Series"]
[Site "CCLA"]
[Date "2016.01.28"]
[Round "?"]
[White "Cangelosi, Dominic"]
[Black "Nurmi, Ronald"]
[Result "0-1"]
[WhiteElo "1417"]
[BlackElo "1477"]

1. d4 d5 2. e4 dxe4 3. f3 e5 4. fxe4 Qh4+ 5. g3 Qxe4+ 6. Qe2 Qxh1 7. Nf3 
Bg4 8. Qxe5+ Ne7 9. Qe2 Qxf3 10. Qxf3 Bxf3 11. Bf4 Nd7 12. Bxc7 Rc8 13. 
Bf4 Rxc2 14. b3 Nd5 15. Nd2 Bb4 16. Be2 Bxe2 17. Kxe2 Nxf4+ 18. gxf4 Rxd2+
0-1

[Event "S67109 Gustafson Memorial Open"]
[Site "CCLA"]
[Date "2016.11.20"]
[Round "?"]
[White "Lyons, Anthony W."]
[Black "Simonson, Jay"]
[Result "0-1"]
[WhiteElo "1237"]
[BlackElo "1337"]

1. d4 d5 2. Nf3 Nf6 3. Nc3 h6 4. Bf4 Bf5 5. e3 a6 6. Bd3 e6 7. Bxf5 exf5 
8. O-O Nbd7 9. Ne5 Qe7 10. Nxd7 Qxd7 11. Be5 Ng4 12. Bg3 c6 13. Re1 Bb4 
14. h3 Nf6 15. Qd2 Bxc3 16. Qxc3 O-O 17. Be5 Ne4 18. Qd3 Qe7 19. c3 b6 20.
 f3 Ng5 21. Bf4 g6 22. Bxg5 Qxg5 23. Qe2 Rae8 24. Qd2 Re6 25. f4 Qg3 26. 
Qf2 Qxf2+ 27. Kxf2 Kg7 28. b4 Rh8 29. a4 g5 30. Kf3 Rg6 31. a5 b5 32. g4 
fxg4+ 33. hxg4 h5 34. gxh5 Rxh5 35. Rg1 g4+ 36. Rxg4 Rh3+ 37. Kg2 Rxe3 38.
 Rxg6+ fxg6 39. Rc1 Kf6 0-1

[Event "S67079 Gustafson Memorial Open"]
[Site "CCLA"]
[Date "2016.11.20"]
[Round "?"]
[White "Strelecky, Rich"]
[Black "Blankenship, Jerry T."]
[Result "1-0"]
[WhiteElo "1652"]
[BlackElo "1675"]

1. Nc3 Nf6 2. d4 g6 3. Nf3 d5 4. Bf4 Bg7 5. e3 c6 6. Bd3 O-O 7. O-O Bg4 8.
 h3 Bxf3 9. Qxf3 Nbd7 10. Rfe1 Re8 11. Bg3 e5 12. Bxe5 Nxe5 13. dxe5 Nd7 
14. Qf4 Bxe5 15. Qb4 b5 16. Ne2 a5 17. Qd2 Bxb2 18. Rab1 Be5 19. c3 Nc5 
20. Nd4 Qd7 21. Be2 Ne4 22. Qc2 Bg7 23. Nxb5 Nd6 24. Nxd6 Qxd6 25. c4 Qc5 
26. Bd3 Rad8 27. cxd5 Qxd5 28. Red1 Qe5 29. Qxc6 Rd6 30. Qc2 Qe6 31. Bc4 
Rc6 32. Rbc1 Qe7 33. Bxf7+ 1-0

[Event "S60179 Regular Quad"]
[Site "CCLA"]
[Date "2016.05.12"]
[Round "?"]
[White "Cornacchio, Patrick T."]
[Black "Williams, Rufus H."]
[Result "1-0"]
[WhiteElo "1600"]
[BlackElo "1375"]

1. d4 d5 2. e4 dxe4 3. Nc3 Nf6 4. f3 exf3 5. Qxf3 e6 6. Be3 Nc6 7. O-O-O 
Bd6 8. Bd3 Qe7 9. Bg5 Bd7 10. Nge2 O-O-O 11. Ng3 h6 12. Bxf6 gxf6 13. Rhe1
Nxd4 14. Qf2 Bc5 15. Nge4 f5 16. Nxc5 Qxc5 17. Qf4 a6 18. Be2 Rdg8 19. 
Rxd4 h5 20. Rc4 Qa5 21. Bf3 Kb8 22. Re5 Qb6 23. Rb4 Qg1+ 24. Nd1 Rxg2 25. 
Bxg2 Qxg2 26. Ra5 Qc6 27. Qd4 Rg8 28. Rc5 Rg4 29. Qh8+ Ka7 30. Rxc6 Bxc6 
31. Rxg4 hxg4 32. Qg8 Kb6 33. Qxf7 Bd5 34. b3 Kc6 35. c4 Bxc4 36. bxc4 Kd6
37. Ne3 b6 38. Nxf5+ exf5 39. Qxf5 1-0

[Event "S60179 Regular Quad"]
[Site "CCLA"]
[Date "2016.05.12"]
[Round "?"]
[White "Cornacchio, Patrick T."]
[Black "Smiley, William R."]
[Result "0-1"]
[WhiteElo "1600"]
[BlackElo "1563"]

1. d4 d5 2. e4 dxe4 3. Nc3 Nf6 4. f3 exf3 5. Qxf3 c6 6. h3 e6 7. Be3 Bb4 
8. Bc4 O-O 9. Ne2 Re8 10. O-O-O Nbd7 11. g4 Nd5 12. Bxd5 exd5 13. g5 Nf8 
14. h4 Be6 15. h5 g6 16. hxg6 fxg6 17. Nf4 Bf5 18. Bd2 Qa5 19. a3 Bxa3 20.
 bxa3 Qxa3+ 21. Kb1 Qb4+ 22. Ka1 Bxc2 23. Na2 Qxd4+ 24. Bc3 Qe4 25. Qxe4 
Rxe4 26. Rdf1 Rae8 27. Kb2 Ba4 28. Rf2 Nd7 29. Rfh2 Nf8 30. Nxg6 Nxg6 31. 
Rxh7 R8e7 32. R7h6 Ne5 33. Bxe5 R4xe5 34. Rh8+ Kg7 35. R1h7+ Kg6 36. Rxe7 
Rxe7 37. Rg8+ Rg7 38. Rxg7+ Kxg7 39. Nc3 b5 40. Ka3 Kg6 0-1

[Event "S60159 Server NA Class C Ch"]
[Site "CCLA"]
[Date "2016.05.12"]
[Round "?"]
[White "Stetson, Micah P."]
[Black "Gunning, Edward E."]
[Result "0-1"]
[WhiteElo "1403"]
[BlackElo "1469"]

1. d4 d5 2. Nc3 Nf6 3. Bg5 Nc6 4. Bxf6 gxf6 5. e3 Bg7 6. Qf3 Be6 7. Bd3 
Qd7 8. Nge2 O-O-O 9. O-O-O Kb8 10. h3 f5 11. Qf4 h5 12. h4 Bh6 13. Qf3 Qd6
14. Bxf5 Na5 15. Kb1 Nc4 16. Bd3 Qb4 17. Bxc4 Qxc4 18. Qxh5 Rd6 19. f4 f5 
0-1

[Event "S67109 Gustafson Memorial Open"]
[Site "CCLA"]
[Date "2016.11.20"]
[Round "?"]
[White "Cangelosi, Dominic"]
[Black "Sanchez, David A."]
[Result "1/2-1/2"]
[WhiteElo "1401"]
[BlackElo "1419"]

1. d4 d5 2. Nc3 Nf6 3. Bg5 c5 4. Bxf6 gxf6 5. dxc5 d4 6. Nb1 Qa5+ 7. Qd2 
Qxd2+ 8. Nxd2 Bf5 9. O-O-O Nc6 10. Nb3 O-O-O 11. Nf3 e5 12. g3 Nb4 13. Ne1
Nxa2+ 14. Kb1 Nb4 15. h4 Be6 16. Bg2 Bd5 17. Bh3+ Kb8 18. Rh2 Bxb3 19. 
cxb3 Bxc5 1/2-1/2

[Event "S67089 Gustafson Memorial Open"]
[Site "CCLA"]
[Date "2016.11.20"]
[Round "?"]
[White "Stetson, Micah P."]
[Black "Hadley, Douglas R."]
[Result "0-1"]
[WhiteElo "1472"]
[BlackElo "1606"]

1. d4 Nf6 2. Nc3 d5 3. Bg5 c5 4. dxc5 e6 5. Bxf6 Qxf6 6. e3 Bxc5 7. Bd3 
Nc6 8. Nf3 O-O 9. Qe2 Bb4 10. O-O-O Bxc3 11. Bxh7+ Kxh7 12. Qd3+ Kg8 0-1

[Event "S60159 Server NA Class C Ch"]
[Site "CCLA"]
[Date "2016.05.12"]
[Round "?"]
[White "Stetson, Micah P."]
[Black "Moujan, Pablo"]
[Result "1-0"]
[WhiteElo "1403"]
[BlackElo "1536"]

1. d4 Nf6 2. Nc3 d5 3. Bg5 c5 4. Bxf6 gxf6 5. e3 Nc6 6. Qh5 e6 7. O-O-O 
Bd7 8. Nge2 f5 9. Nf4 cxd4 10. exd4 Qf6 11. Nce2 Bd6 12. c3 O-O-O 13. g3 
e5 14. Nxd5 Qg7 15. Bg2 Be8 16. Qxf5+ Bd7 17. Qd3 Qg5+ 18. Rd2 Kb8 19. f4 
exf4 20. Nexf4 Bxf4 21. Nxf4 Bf5 22. Qc4 Qh6 23. Qxf7 Rhf8 24. Qb3 Na5 25.
 Qb5 b6 26. b4 Bd7 27. Qe5+ Kc8 28. bxa5 Rf5 29. Qe4 Re8 30. Qa8+ Kc7 31. 
Qxa7+ Kd8 32. Qxb6+ Qxb6 33. axb6 Rb5 34. Rb2 Kc8 35. c4 Ra5 36. c5 Kb8 
37. c6 Bf5 38. Kd2 Ra4 39. Ne2 Bg4 40. Re1 Bxe2 41. c7+ Kc8 42. Bh3+ Kb7 
43. c8=Q+ Rxc8 44. Bxc8+ Kxc8 45. Kxe2 Rxd4 46. b7+ Kb8 47. Rd1 Re4+ 48. 
Kf3 Re8 49. Rc1 Rf8+ 50. Kg2 Rd8 51. Rc8+ 1-0

[Event "S67109 Gustafson Memorial Open"]
[Site "CCLA"]
[Date "2016.11.20"]
[Round "?"]
[White "Cangelosi, Dominic"]
[Black "Lines, Daniel"]
[Result "1-0"]
[WhiteElo "1401"]
[BlackElo "1413"]

1. d4 Nf6 2. Nc3 d5 3. Bg5 Nbd7 4. Qd3 h6 5. Bh4 e6 6. O-O-O Be7 7. e4 
dxe4 8. Nxe4 Nxe4 9. Bxe7 Qxe7 10. Qxe4 c6 11. Bd3 e5 12. Re1 f6 13. f4 
O-O 14. Qh7+ Kf7 15. Bg6+ Ke6 16. Nf3 Kd6 17. Bh5 b5 18. Qd3 Kc7 19. dxe5 
fxe5 20. fxe5 Nc5 21. Qc3 Be6 22. b3 Bf7 23. Bxf7 Rxf7 24. e6 Nxe6 25. Ne5
Raf8 26. Qxc6+ Kb8 27. Nxf7 Rxf7 28. Rxe6 1-0

[Event "S60159 Server NA Class C Ch"]
[Site "CCLA"]
[Date "2016.05.12"]
[Round "?"]
[White "Stetson, Micah P."]
[Black "Taylor, Bobby C."]
[Result "0-1"]
[WhiteElo "1403"]
[BlackElo "1575"]

1. d4 Nf6 2. Nc3 d5 3. Bg5 Nbd7 4. f3 c6 5. e4 dxe4 6. fxe4 e5 7. dxe5 Qa5
8. Bxf6 gxf6 9. e6 fxe6 10. Qg4 Nb6 11. O-O-O Bd7 12. Qf4 O-O-O 13. Bd3 
Bg7 14. Nf3 h5 15. Kb1 f5 0-1

[Event "S60241 Summer Series"]
[Site "CCLA"]
[Date "2016.07.31"]
[Round "?"]
[White "Selby, Robin"]
[Black "Martindale, Roger"]
[Result "1-0"]
[WhiteElo "1226"]
[BlackElo "1190"]

1. d4 d5 2. Nf3 h6 3. e3 Nf6 4. Nc3 e6 5. Bb5+ Bd7 6. Bxd7+ Nbxd7 7. O-O 
Bd6 8. g3 Ne4 9. Nxe4 dxe4 10. Nd2 Nf6 11. b3 b5 12. Bb2 c5 13. dxc5 Bxc5 
14. Qe2 a6 15. Rad1 O-O 16. Nxe4 Nxe4 17. Rxd8 Raxd8 18. f3 Rd2 19. Qe1 
Rxc2 20. fxe4 Rxb2 21. Qc1 Ba3 22. Qc7 Re2 23. Qb7 f6 24. Qxa6 Bc5 25. 
Qxb5 Bxe3+ 26. Kh1 e5 27. Qxe2 Bd4 28. a4 Rb8 29. Qc4+ Kh7 30. Rc1 Bb6 31.
 b4 Bd4 32. b5 Rf8 33. a5 f5 34. Rf1 Rd8 35. b6 fxe4 36. Qc6 e3 37. b7 e2 
38. Re1 Ba7 39. Rxe2 Rd1+ 40. Kg2 Rg1+ 41. Kh3 Ra1 42. Qa6 Bd4 43. b8=Q e4
44. Qad6 1-0

[Event "S67129 Gustafson Memorial Open"]
[Site "CCLA"]
[Date "2016.11.20"]
[Round "?"]
[White "Lyons, Gage W."]
[Black "Bearce, Harold L."]
[Result "0-1"]
[WhiteElo "1210"]
[BlackElo "1048"]

1. d4 d5 2. Nf3 c6 3. Nc3 e6 4. Bf4 Nf6 5. e3 Be7 6. Bxb8 Rxb8 7. Bd3 O-O 
8. O-O Bd7 9. Ne5 Bc8 10. Re1 Ne8 11. e4 Nf6 12. exd5 cxd5 13. b3 Bd6 14. 
Ne2 Nd7 15. Nxd7 Bxd7 16. a4 Qc7 17. g3 f5 18. Bb5 Bc8 19. Qd2 a6 20. Bd3 
Bd7 21. Nf4 g6 22. Rec1 e5 23. Ne2 e4 24. Qc3 Qxc3 25. Nxc3 exd3 26. cxd3 
Bc6 27. Re1 Rbe8 28. Kf1 Be7 0-1

[Event "S67129 Gustafson Memorial Open"]
[Site "CCLA"]
[Date "2016.11.20"]
[Round "?"]
[White "Shaffer, Aaron"]
[Black "Bearce, Harold L."]
[Result "0-1"]
[WhiteElo "1152"]
[BlackElo "1048"]

1. d4 d5 2. Nf3 c6 3. Bf4 e6 4. Nc3 Be7 5. Qd2 Nf6 6. e3 O-O 7. Bg5 Nbd7 
8. Ne5 Nb6 9. Be2 Nbd7 10. Nxd7 Qxd7 11. O-O Ne8 12. Bxe7 Qxe7 0-1

[Event "S60071 Winter Series"]
[Site "CCLA"]
[Date "2016.01.28"]
[Round "?"]
[White "Williams, Rufus H."]
[Black "Bearce, Harold L."]
[Result "1-0"]
[WhiteElo "1375"]
[BlackElo "1032"]

1. d4 d5 2. Nf3 c6 3. Bf4 Nd7 4. e3 e6 5. Nc3 Ngf6 6. Bd3 Nb6 7. Ne5 Bd6 
8. O-O O-O 9. a3 a5 10. h3 Bxe5 11. Bxe5 Nbd7 12. f4 Nxe5 13. fxe5 Nd7 14.
 Bxh7+ Kxh7 15. Qh5+ Kg8 16. Rf4 Qe8 17. Rh4 b5 18. Qh8# 1-0

[Event "S60109 Regular Quad"]
[Site "CCLA"]
[Date "2016.03.11"]
[Round "?"]
[White "Rasmussen, Bruce A."]
[Black "Evans, Andrew"]
[Result "0-1"]
[WhiteElo "1341"]
[BlackElo "1208"]

1. d4 d5 2. Nf3 Nc6 3. c3 f6 4. e3 e5 5. dxe5 fxe5 6. e4 dxe4 7. Qxd8+ 
Nxd8 8. Nxe5 Ne6 9. Bc4 Bd6 10. Ng4 Nf4 11. g3 Ng2+ 12. Kf1 Bxg4 13. Kxg2 
Nf6 14. Nd2 O-O-O 15. Nb3 Rde8 16. Be3 a6 17. h3 b5 18. hxg4 Nxg4 19. Bd4 
Rhf8 20. Rxh7 bxc4 21. Na5 e3 22. Bxe3 Nxe3+ 23. fxe3 Rxe3 24. Rxg7 Be5 
25. Kh1 Rh8+ 26. Kg2 Bxg7 27. Nxc4 Re4 28. Na5 Re2+ 29. Kf1 Rxb2 30. a4 
Bxc3 0-1

[Event "S60071 Winter Series"]
[Site "CCLA"]
[Date "2016.01.28"]
[Round "?"]
[White "Williams, Rufus H."]
[Black "Rietema, Alexander"]
[Result "0-1"]
[WhiteElo "1375"]
[BlackElo "1318"]

1. d4 d5 2. Nf3 Nc6 3. Bf4 Nf6 4. e3 e6 5. Bd3 Be7 6. Ne5 Nxe5 7. Bxe5 O-O
8. Nc3 a6 9. Qe2 Bd7 10. O-O-O b5 11. h3 b4 12. Nb1 a5 13. g4 c5 14. dxc5 
Bxc5 15. Rdg1 a4 16. g5 Ne8 17. Bxh7+ Kxh7 18. Qh5+ Kg8 19. g6 Nf6 20. 
Bxf6 fxg6 21. Rxg6 Rxf6 22. Rxg7+ Kxg7 23. Rg1+ Kf8 24. Qh8+ Ke7 25. Rg7+ 
Kd6 26. Qh4 Qf8 27. Rg2 Qh6 28. Qxh6 Rxh6 29. Rh2 Rg8 30. c3 Rg1+ 31. Kc2 
Rhg6 32. h4 R6g2 33. Rxg2 Rxg2 34. h5 Rg8 35. Nd2 Rh8 0-1

[Event "S67129 Gustafson Memorial Open"]
[Site "CCLA"]
[Date "2016.11.20"]
[Round "?"]
[White "Shaffer, Aaron"]
[Black "Martindale, Roger"]
[Result "0-1"]
[WhiteElo "1152"]
[BlackElo "1098"]

1. d4 d5 2. Nf3 Nc6 3. Bf4 Nf6 4. Nc3 a6 5. e3 h6 6. Bd3 e6 7. O-O Bd6 8. 
Ne5 g5 9. Bg3 Nd7 10. Nxd7 Bxd7 11. Bxd6 cxd6 12. a3 Qf6 13. b3 Ne7 14. a4
Ng6 15. Bxg6 Qxg6 16. Ne2 O-O-O 17. Ng3 e5 18. dxe5 Bc6 19. Qd3 Rde8 20. 
Qxg6 fxg6 21. exd6 Kd7 22. Ne2 b5 0-1

[Event "S67099 Gustafson Memorial Open"]
[Site "CCLA"]
[Date "2016.11.20"]
[Round "?"]
[White "Nurmi, Ronald"]
[Black "Acosta, Errol"]
[Result "0-1"]
[WhiteElo "1445"]
[BlackElo "1462"]

1. d4 e6 2. Nf3 d5 3. Bf4 Nc6 4. e3 Nf6 5. c3 Be7 6. Bd3 O-O 7. Nbd2 h6 8.
 h3 Bd7 9. O-O Rb8 10. Re1 a6 11. Ne5 Bd6 12. Ndf3 Ne7 13. Rc1 Nf5 14. Qc2
c6 15. g4 Ne7 16. Kg2 Qc7 17. Rh1 b5 18. b4 Qd8 19. h4 Bxe5 20. Nxe5 Ng6 
21. Nxg6 fxg6 22. Bd6 Nxg4 23. Bxf8 Qxf8 24. Bxg6 e5 25. Bh5 e4 26. Rcf1 
Qf3+ 27. Kg1 g6 28. Bxg6 Nf6 29. h5 Bh3 30. Qd1 Qg2# 0-1

[Event "S60019 Regular Quad"]
[Site "CCLA"]
[Date "2016.01.27"]
[Round "?"]
[White "Williams, Rufus H."]
[Black "Capuzzi, Gabriele"]
[Result "0-1"]
[WhiteElo "1375"]
[BlackElo "1613"]

1. d4 d5 2. Nf3 c5 3. h3 cxd4 4. Nxd4 e5 5. Nb3 Nc6 6. e3 Nf6 7. Bb5 Bd6 
8. Nc3 O-O 9. O-O Be6 10. a3 Qc7 11. Re1 Rad8 12. e4 dxe4 13. Nxe4 Nxe4 
14. Rxe4 a6 15. Rh4 Be7 16. Qe2 Bxh4 17. Bd3 Ne7 18. Bxh7+ Kxh7 19. Qh5+ 
Kg8 20. Qxh4 Rd1+ 21. Kh2 e4+ 22. Qg3 Qxc2 23. Bh6 Nf5 24. Qg4 Nxh6 25. 
Qxd1 Bxb3 26. Qxc2 Bxc2 27. Rc1 Bd3 28. Rc7 Rb8 29. Kg3 Bb5 30. Kf4 Bc6 
31. f3 exf3 32. gxf3 g6 33. Re7 Kg7 34. b4 Nf5 35. Re1 Rh8 36. Kg4 Rh4+ 
0-1

[Event "N60011 Match"]
[Site "CCLA"]
[Date "2016.02.11"]
[Round "?"]
[White "Benson, Katie J."]
[Black "Martindale, Roger"]
[Result "0-1"]
[WhiteElo "1199"]
[BlackElo "1174"]

1. d4 d5 2. Bf4 Nf6 3. Nf3 Ne4 4. Nbd2 Nc6 5. Nxe4 dxe4 6. Nd2 f5 7. e3 e6
8. Bc4 h6 9. a3 g5 10. Be5 Nxe5 11. dxe5 a6 12. a4 Bg7 13. Qh5+ Kd7 14. 
Qf7+ Qe7 15. Qxe7+ Kxe7 16. O-O-O Bxe5 17. Nb3 b6 18. a5 b5 19. Be2 Bb7 
20. Nc5 Bd5 21. h3 h5 22. g4 h4 23. Nb3 f4 24. Nd2 c6 25. exf4 Bxf4 26. c3
e3 27. fxe3 Bxh1 28. exf4 Bd5 29. Bf3 gxf4 30. Bxd5 cxd5 31. Nf3 Rac8 32. 
Ne5 Rhg8 33. Nf3 b4 34. Nxh4 bxc3 0-1

[Event "S67129 Gustafson Memorial Open"]
[Site "CCLA"]
[Date "2016.11.20"]
[Round "?"]
[White "Lyons, Gage W."]
[Black "Shaffer, Aaron"]
[Result "1-0"]
[WhiteElo "1210"]
[BlackElo "1152"]

1. d4 d5 2. Nf3 Nf6 3. Bf4 Bf5 4. Nc3 Nc6 5. e3 e6 6. Bb5 a6 7. Bxc6+ bxc6
8. O-O Bd6 9. Ne5 O-O 10. Nxc6 Qd7 11. Ne5 Bxe5 12. Bxe5 Ne4 13. Nxe4 Bxe4
14. c3 c6 15. Qg4 Rab8 16. Qxg7# 1-0

[Event "S60019 Regular Quad"]
[Site "CCLA"]
[Date "2016.01.27"]
[Round "?"]
[White "Williams, Rufus H."]
[Black "Acosta, Errol"]
[Result "0-1"]
[WhiteElo "1375"]
[BlackElo "1490"]

1. d4 e6 2. Nf3 d5 3. Bf4 Nf6 4. e3 Be7 5. Bd3 O-O 6. O-O h6 7. Re1 c5 8. 
Ne5 Nc6 9. c3 c4 10. Bc2 Nxe5 11. Bxe5 Bd6 12. Bxd6 Qxd6 13. e4 dxe4 14. 
Bxe4 Nxe4 15. Rxe4 f5 16. Rh4 e5 17. Qh5 e4 18. Nd2 Be6 19. Rf1 Kh7 20. g3
Rf6 21. Kg2 Raf8 22. b3 cxb3 23. axb3 Qd5 24. Kg1 Bf7 25. Qd1 g5 26. Rh3 
f4 27. g4 f3 28. Nc4 Rf4 29. Ne5 Qe6 30. Kh1 Rxg4 31. Nxg4 Qxg4 32. Rg3 
Qh4 33. Rfg1 Be6 34. c4 Bh3 35. d5 Bg2+ 36. R1xg2 fxg2+ 37. Rxg2 Qf4 38. 
d6 Rd8 39. c5 b6 40. cxb6 Rxd6 41. Qxd6 Qxd6 42. bxa7 Qa6 43. Rg1 Qxa7 44.
 Kg2 Qb7 45. Rb1 e3+ 46. f3 Qd5 47. b4 Qd2+ 48. Kg3 e2 49. b5 e1=Q+ 50. 
Rxe1 Qxe1+ 51. Kg4 Qh4+ 0-1

[Event "S60231 Summer Series"]
[Site "CCLA"]
[Date "2016.07.31"]
[Round "?"]
[White "Perry, William E."]
[Black "Nurmi, Ronald"]
[Result "1/2-1/2"]
[WhiteElo "1493"]
[BlackElo "1477"]

1. d4 Nf6 2. Nf3 d5 3. Bf4 c5 4. c3 Qb6 5. Qb3 c4 6. Qxb6 axb6 7. Nbd2 Nc6
8. a3 b5 9. e3 b4 10. Be2 bxc3 11. bxc3 e6 12. O-O Rxa3 13. Rfc1 Be7 14. 
Rxa3 Bxa3 15. Rc2 O-O 16. Ra2 Be7 17. Ne5 Nxe5 18. Bxe5 Nd7 19. Bg3 b5 20.
 Nf3 b4 21. cxb4 Bxb4 22. Ne5 Nxe5 23. Bxe5 Bd7 24. Ra7 Bc6 25. Bc7 g6 26.
 Ba5 Bxa5 1/2-1/2

[Event "S67109 Gustafson Memorial Open"]
[Site "CCLA"]
[Date "2016.11.20"]
[Round "?"]
[White "Lyons, Anthony W."]
[Black "Sanchez, David A."]
[Result "0-1"]
[WhiteElo "1237"]
[BlackElo "1419"]

1. d4 d5 2. Nf3 Nf6 3. Bf4 c5 4. e3 Nc6 5. Nc3 a6 6. Be2 Bf5 7. O-O c4 8. 
Ne5 e6 9. Nxc6 bxc6 10. b3 Bb4 11. Qd2 Ne4 12. Qc1 Bxc3 13. Rb1 Nd2 0-1

[Event "S67109 Gustafson Memorial Open"]
[Site "CCLA"]
[Date "2016.11.20"]
[Round "?"]
[White "Lines, Daniel"]
[Black "Sanchez, David A."]
[Result "0-1"]
[WhiteElo "1413"]
[BlackElo "1419"]

1. d4 d5 2. Nf3 Nf6 3. Bf4 c5 4. e3 Nc6 5. Nc3 a6 6. Bd3 c4 7. Be2 Bf5 8. 
O-O e6 9. Ne5 Nb4 10. a3 Nxc2 11. Rc1 Nxa3 12. bxa3 Qa5 13. a4 Bb4 14. Na2
Ba3 15. Rc3 Bb2 16. Rc2 Bxc2 17. Qxc2 Ba3 18. Bxc4 dxc4 19. Qxc4 O-O 0-1

[Event "S67099 Gustafson Memorial Open"]
[Site "CCLA"]
[Date "2016.11.20"]
[Round "?"]
[White "Buganza, Nathan J."]
[Black "Hodgkins, Neil C."]
[Result "0-1"]
[WhiteElo "1411"]
[BlackElo "1462"]

1. d4 d5 2. Nf3 Nf6 3. Bf4 c5 4. e3 Bg4 5. Be2 Nbd7 6. h3 Bf5 7. Nc3 cxd4 
8. exd4 e6 9. Bd3 Bxd3 10. Qxd3 Be7 11. a3 O-O 12. Ne5 Nxe5 13. Bxe5 Nd7 
14. Bg3 Bf6 15. O-O Qb6 16. Qb5 Bxd4 17. Qxb6 Nxb6 18. Rfd1 Bxc3 19. bxc3 
Rac8 20. f3 Rxc3 21. Bf2 Rxc2 22. Bxb6 axb6 0-1

[Event "S67099 Gustafson Memorial Open"]
[Site "CCLA"]
[Date "2016.11.20"]
[Round "?"]
[White "Buganza, Nathan J."]
[Black "Nurmi, Ronald"]
[Result "0-1"]
[WhiteElo "1411"]
[BlackElo "1445"]

1. d4 d5 2. Nf3 Nf6 3. Bf4 c5 4. e3 Nc6 5. Bb5 Qa5+ 6. Qd2 Qxb5 7. Nc3 Qb6
8. b3 Bf5 9. O-O e6 10. Ne5 Be7 11. Nxc6 Qxc6 0-1

[Event "S60051 Winter Series"]
[Site "CCLA"]
[Date "2016.01.28"]
[Round "?"]
[White "Disque, Philip"]
[Black "Greco, Tom"]
[Result "1/2-1/2"]
[WhiteElo "1663"]
[BlackElo "1668"]

1. Nf3 d5 2. d4 Nf6 3. Bf4 c5 4. e3 Nc6 5. c3 Qb6 6. Qc2 Bf5 7. dxc5 Bxc2 
8. cxb6 axb6 9. Na3 Bf5 10. Nb5 Rc8 11. Nc7+ Kd8 12. Nb5 h6 13. h3 g5 14. 
Bh2 Ne8 15. Rd1 e6 16. Bd3 Bxd3 17. Rxd3 Ke7 18. O-O g4 19. hxg4 Rg8 20. 
Nfd4 Rxg4 21. f3 Rg6 22. e4 Nxd4 23. Nxd4 dxe4 24. fxe4 Bg7 25. Nb5 e5 26.
 Rfd1 Kf8 27. Kf2 Rc5 28. Nd6 Nxd6 29. Rxd6 Rxd6 30. Rxd6 Rc6 31. Rd3 Ke7 
32. a4 Rc4 33. Ke3 Rxa4 34. g4 Rc4 35. b3 Rc6 36. Ke2 1/2-1/2

[Event "S60019 Regular Quad"]
[Site "CCLA"]
[Date "2016.01.27"]
[Round "?"]
[White "Williams, Rufus H."]
[Black "Smiley, William R."]
[Result "0-1"]
[WhiteElo "1375"]
[BlackElo "1563"]

1. d4 d5 2. Nf3 Nf6 3. Bg5 e6 4. e3 Be7 5. Nc3 O-O 6. Bd3 Nbd7 7. O-O h6 
8. Re1 hxg5 9. Nxg5 Re8 10. Nh7 Nxh7 11. Bxh7+ Kxh7 12. Qh5+ Kg8 13. e4 
Nf6 14. Qd1 dxe4 15. Nxe4 Nxe4 16. Rxe4 f5 17. Rf4 Bd7 18. Qh5 Bg5 19. Rf3
Qf6 20. Rh3 Bh6 21. Qf3 Bc6 22. Qg3 Qg5 23. Qxg5 Bxg5 24. Rd1 Rad8 25. Rh5
Bf6 26. c3 e5 27. h3 exd4 28. cxd4 Bxd4 29. Rxf5 Bxf2+ 30. Rxf2 Rxd1+ 31. 
Kh2 Red8 32. a3 R1d2 33. Rxd2 Rxd2 0-1

[Event "S60089 Premier Quad"]
[Site "CCLA"]
[Date "2016.02.12"]
[Round "?"]
[White "Shannon, Paul D."]
[Black "Haase, F. Philip"]
[Result "0-1"]
[WhiteElo "1828"]
[BlackElo "1959"]

1. d4 Nf6 2. Nf3 d5 3. e3 Bf5 4. c4 e6 5. Qb3 Nc6 6. cxd5 Nb4 7. Na3 exd5 
8. Bd2 a5 9. Be2 Ne4 10. O-O Nxd2 11. Nxd2 c6 12. Nf3 a4 13. Qc3 Bd6 14. 
Rfc1 Qe7 15. Qd2 O-O 16. Nb1 a3 17. b3 h5 18. Nc3 b5 19. h3 Rae8 20. Bf1 
Qf6 21. Ne5 Rxe5 22. dxe5 Qxe5 23. f4 Qf6 24. Rd1 Bc2 25. Re1 Bc5 26. Rac1
Qxf4 27. Rxc2 Nxc2 28. Qxc2 Bxe3+ 29. Kh1 Qg3 30. Rxe3 Qxe3 31. Bd3 Qe1+ 
32. Kh2 Re8 33. Ne2 g6 34. Ng1 Qe5+ 35. Kh1 Re6 36. Nf3 Qb2 37. Qc5 Qxa2 
0-1